00250nam a2200097Ia 4500008004100000082001500041100001900056245004600075260001800121600001300139241002s9999 xx 000 0 und d a297.65 NUM aNumani, Shibli 0aOmar the Great The Second Cliph of Islami aLahore:c1961 aReligion